Manual de la negociación colectiva

Guardat en:
Dades bibliogràfiques
Autors principals: Aguayo Mohr, Cristián Andrés (Autor), Rosenberg Vainsencher, José (Autor)
Format: Llibre
Idioma:espanyol
Publicat: Santiago Thomson Reuters Puntolex 2010
Matèries:
Etiquetes: Afegir etiqueta
Sense etiquetes, Sigues el primer a etiquetar aquest registre!

MARC

LEADER 00000nam a2200000 a 4500
001 UCG5858
003 CL-VaPUC
008 110324e20100000CL |||||||||||||||||spa|d
020 |a 9789563370638 
082 0 4 |a 344.01  |b AGU  |2 21 
100 0 |a Aguayo Mohr, Cristián Andrés  |e author  |9 555753 
700 0 |a Rosenberg Vainsencher, José  |e author  |9 555754 
245 1 0 |a Manual de la negociación colectiva 
300 |a 343 p 
942 |c BK 
945 |d 20110324 00:00:00  |a dcastane 
260 |a Santiago  |b Thomson Reuters Puntolex  |c 2010 
650 7 |a DERECHO LABORAL  |2 CL-VaPUC  |9 15 
650 0 |a Negociación colectiva  |9 312433 
650 0 |a Código del trabajo  |9 255479 
650 7 |a PLAN LABORAL  |2 CL-VaPUC  |9 358115 
650 7 |a SINDICALISMO  |2 CL-VaPUC  |9 555755 
651 7 |a CHILE  |2 CL-VaPUC  |9 555756 
583 |a last modification  |c 20110324 00:00:00  |k Rodrigo Vera 
999 |c 344218  |d 344216 
952 |0 0  |1 0  |4 0  |6 344_010000000000000_AGU_2010  |7 0  |8 A  |9 442063  |a BIBDER  |b BIBDER  |d 2019-11-22  |i 4760409  |o 344.01 AGU 2010  |p 4760409  |r 2023-01-25  |w 2019-11-22  |y BK  |k DER 
952 |0 0  |1 0  |4 0  |6 344_010000000000000_AGU_2010  |7 0  |8 A  |9 442064  |a BIBDER  |b BIBDER  |d 2019-11-22  |i 4760379  |o 344.01 AGU 2010  |p 4760379  |r 2023-01-25  |w 2019-11-22  |y BK  |k DER